000 00313nam a2200133 i 4500
001 bg
100 1 _aJaczewski, Jerzy.
245 0 _aElektronika przemysłowa.
_nT. 1 /
_cJ. Jaczewski.
260 _aGdańsk,
_c1968.
040 _cBPK
041 _apol
942 _cKS
008 s pl f |000 0 pol
999 _c10186
_d10186
856 _uhttp://koha.tu.koszalin.pl/cgi-bin/koha/opac-detail.pl?biblionumber=10186
_yKatalog online BPK